| 000 | 00515cam a2200181 a 4500 | ||
|---|---|---|---|
| 001 | 000008671 | ||
| 005 | 20200929161400.0 | ||
| 008 | 901015s1988 cu 001 1 spa | ||
| 040 |
_aDO-SdBNP _bspa _cBNPHU |
||
| 082 |
_aCu863.44 _bP438b |
||
| 100 | 1 |
_aPérez, Armando Cristóbal. _923110 |
|
| 245 | 1 | 3 |
_aLa batalla / _cArmando Cristóbal. |
| 260 |
_aLa Habana : _bLetras Cubanas, _c1988. |
||
| 300 |
_a465 p. ; _c18 cm. |
||
| 490 | 1 | _aGiraldilla | |
| 650 | 4 |
_aNovela cubana _92316 |
|
| 650 | 4 |
_aLiteratura cubana _91483 |
|
| 999 |
_c8441 _d8441 |
||